El inútil de la familia /

Сохранить в:
Библиографические подробности
Главный автор: Edwards, Jorge (autor)
Формат:
Язык:испанский
Опубликовано: Madrid, España : Alfaguara, 2005, c2005
Предметы:
Метки: Добавить метку
Нет меток, Требуется 1-ая метка записи!

MARC

LEADER 00000nam^a2200000^a^4500
001 000318041
005 20250521000000.0
009 20260310113402.098
020 |a 84-204-6737-5 
037 |a Acervo ITESO - Biblioteca 
041 |a ESP 
082 |a 863.  |b EDW 
100 |a Edwards, Jorge  |e (autor) 
245 1 3 |a El inútil de la familia /  |c J. Edwards. 
264 4 |a Madrid, España :  |b Alfaguara,  |c 2005, c2005 
300 |a 358 p. 
336 |a texto  |b txt  |2 rdacontenido 
337 |a sin mediación  |b n  |2 rdamedio 
338 |a volumen  |b nc  |2 rdasoporte 
649 |a XX 
650 |a Novela Chilena 
650 |a Literatura Chilena -  |y Siglo XXI 
650 |a Relaciones Familiares en la Literatura 
910 |a Fondo General 
920 |a Impresos - Libros 
930 |a Colección General 
940 |a Literatura 
905 |a 101 
901 |a 0500204950  |b IT1  |c LIT  |i C130390  |u 20250521 
902 |a https://opac.biblio.iteso.mx/vufind/Record/000318041